| 000 | 00813cab a2200241 4500 | ||
|---|---|---|---|
| 001 | WB3420-11 | ||
| 008 | 090401t1998 xxu||||| |||| 00| 0 eng d | ||
| 035 | _a(Sirsi) u86399 | ||
| 041 | _aeng | ||
| 245 | _aEarth-sheltered homes | ||
| 260 | _c1998 | ||
| 350 | _a0 | ||
| 490 |
_aGuardian _v26 May 1998, 10-11(5) |
||
| 520 | _aA zero emission development has been completed in Nottinghamshire, the first development in Europe, which should not release may greenhouse gases. The houses are `earth-sheltered` roofs covered in soil, improving energy efficiency. | ||
| 650 | _aEARTH SHELTERED HOMES | ||
| 650 | _aENERGY EFFICIENT HOUSING | ||
| 650 | _aGREENHOUSE GASES | ||
| 650 | _aHOUSING DEVELOPMENT | ||
| 650 | _aNOTTINGHAMSHIRE | ||
| 690 |
_aEnvironment _96238 |
||
| 942 | _n0 | ||
| 948 | _c27/05/1998 | ||
| 999 |
_c54371 _d54371 |
||